[Event "TUR-chT 2nd League"]
[Site "Denizli"]
[Date "2023.07.14"]
[Round "8.42"]
[White "Ozates, Tuna"]
[Black "Kirilmaz, Emre"]
[Result "1/2-1/2"]
[WhiteElo "2251"]
[BlackElo "2190"]
[PlyCount "110"]
[EventDate "2023.07.09"]
[EventType "team-swiss"]
[EventRounds "9"]
[EventCountry "TUR"]
[SourceTitle "CBM 215 Extra"]
[Source "ChessBase"]
[SourceDate "2023.09.30"]
[SourceVersion "1"]
[SourceVersionDate "2023.09.30"]
[SourceQuality "1"]
[WhiteTeam "Izmir Apaydin"]
[BlackTeam "Eskiseh Tasci"]
[WhiteTeamCountry "TUR"]
[BlackTeamCountry "TUR"]

1. e4 c6 2. Nf3 d5 3. d3 dxe4 4. dxe4 Qxd1+ 5. Kxd1 Bg4 6. Be2 Nd7 7. Ne1 Bxe2+ 8. Kxe2 e6 9. Nd3 Nc5 10. f3 Nxd3 11. cxd3 Bc5 12. Nd2 0-0-0 13. Nc4 Ne7 14. Rb1 f6 15. b4 Bd4 16. a4 Rd7 17. b5 cxb5 18. axb5 Kb8 19. Ba3 Nc8 20. Rhc1 Rhd8 21. Bb4 e5 22. Ba5 Bb6 23. Bxb6 Nxb6 24. Nxb6 axb6 25. Rb3 Rd4 26. Ke3 Rc8 27. Rxc8+ Kxc8 28. f4 Ra4 29. Rb2 Kd7 30. g4 exf4+ 31. Kxf4 Kd6 32. Ke3 Ra1 33. Rg2 Re1+ 34. Kd4 h6 35. h4 Rb1 36. g5 hxg5 37. hxg5 Rb4+ 38. Ke3 Rxb5 39. gxf6 gxf6 40. Rg7 Rh5 41. Rxb7 Kc6 42. Rf7 Rh6 43. d4 b5 44. d5+ Kb6 45. Kd4 b4 46. Kc4 b3 47. Kxb3 Kc5 48. Rc7+ Kd4 49. d6 Rh8 50. Re7 Kc5 51. Re6 Rd8 52. Rxf6 Rxd6 53. Rf5+ Kd4 54. Rd5+ Rxd5 55. exd5 Kxd5 1/2-1/2

[Event "TUR-chT"]
[Site "Ankara"]
[Date "2022.08.19"]
[Round "4.5"]
[White "Kirilmaz, Emre"]
[Black "Shevchenko, Kirill"]
[Result "0-1"]
[WhiteElo "2193"]
[BlackElo "2642"]
[PlyCount "82"]
[EventDate "2022.08.16"]
[EventType "team-tourn"]
[EventRounds "13"]
[EventCountry "TUR"]
[SourceTitle "CBM 209 Extra"]
[Source "ChessBase"]
[SourceDate "2022.09.30"]
[SourceVersion "1"]
[SourceVersionDate "2022.09.30"]
[SourceQuality "1"]
[WhiteTeam "Tas Duvar"]
[BlackTeam "Gokturk"]
[WhiteTeamCountry "TUR"]
[BlackTeamCountry "TUR"]

1. d4 Nf6 2. c3 g6 3. Bg5 Bg7 4. Nd2 h6 5. Bh4 0-0 6. e4 d6 7. Ngf3 c5 8. dxc5 dxc5 9. Bc4 Nc6 10. Qe2 Nh5 11. Qe3 Na5 12. Be2 g5 13. Nxg5 hxg5 14. Qxg5 Nf6 15. Rd1 Qb6 16. 0-0 Nh7 17. Qh5 Nf6 18. Qg5 Re8 19. b4 cxb4 20. cxb4 Nc6 21. Nc4 Qxb4 22. Rb1 Qc3 23. Rb3 Nxe4 24. Qf4 Qd4 25. Rd1 Nc3 26. Rxd4 Nxe2+ 27. Kf1 Nxf4 28. Rxf4 Be6 29. Rg3 Kf8 30. Bg5 Red8 31. Rh4 Rd1+ 32. Ke2 Rd4 33. Rh8+ Bxh8 34. Bh6+ Ke8 35. Rg8+ Kd7 36. Nb6+ axb6 37. Rxh8 Rxa2+ 38. Kf3 Ne5+ 39. Ke3 Rd3+ 40. Ke4 Ra4+ 41. Kxe5 f6# 0-1

[Event "Marmaris Karya 13th"]
[Site "Marmaris"]
[Date "2022.01.29"]
[Round "6.5"]
[White "Kirilmaz, Emre"]
[Black "Ahmad, Al Khatib"]
[Result "0-1"]
[WhiteElo "2229"]
[BlackElo "2226"]
[PlyCount "80"]
[EventDate "2022.01.27"]
[EventType "schev"]
[EventRounds "10"]
[EventCountry "TUR"]
[SourceTitle "CBM 206 Extra"]
[Source "ChessBase"]
[SourceDate "2022.03.31"]
[SourceVersion "1"]
[SourceVersionDate "2022.03.31"]
[SourceQuality "1"]
[WhiteTeam "White"]
[BlackTeam "Red Team"]
[WhiteTeamCountry "UAE"]
[BlackTeamCountry "TUR"]

1. d4 Nf6 2. c3 d5 3. Bg5 Ne4 4. Bf4 g5 5. Bc1 Rg8 6. Nf3 Nc6 7. Nbd2 Nxd2 8. Bxd2 g4 9. Ne5 Nxe5 10. dxe5 Bg7 11. Bf4 f6 12. exf6 Bxf6 13. e4 e5 14. Bg3 Be6 15. Qb3 Qd6 16. Rd1 c6 17. exd5 cxd5 18. Qxb7 Rb8 19. Qxh7 Rxb2 20. Bd3 Qe7 21. Bg6+ Kd7 22. 0-0 Qxh7 23. Bxh7 Rc8 24. f3 Rxc3 25. fxg4 Bg7 26. g5 d4 27. Rf6 Bxf6 28. gxf6 Bd5 29. Bf5+ Kd6 30. Bh3 d3 31. Re1 Re2 32. Rxe2 dxe2 33. Be1 Rc2 34. Bb4+ Kc6 35. Kf2 Rxa2 36. Bc3 e4 37. Be1 Kc5 38. Bg4 Kd4 39. h4 e3+ 40. Kg3 Ra1 0-1

[Event "Marmaris Karya 13th"]
[Site "Marmaris"]
[Date "2022.01.28"]
[Round "4.2"]
[White "Kirilmaz, Emre"]
[Black "Blesic, Vaso"]
[Result "1/2-1/2"]
[WhiteElo "2229"]
[BlackElo "2276"]
[PlyCount "51"]
[EventDate "2022.01.27"]
[EventType "schev"]
[EventRounds "10"]
[EventCountry "TUR"]
[SourceTitle "CBM 206 Extra"]
[Source "ChessBase"]
[SourceDate "2022.03.31"]
[SourceVersion "1"]
[SourceVersionDate "2022.03.31"]
[SourceQuality "1"]
[WhiteTeam "White"]
[BlackTeam "Red Team"]
[WhiteTeamCountry "UAE"]
[BlackTeamCountry "TUR"]

1. d4 Nf6 2. c3 e6 3. Bg5 h6 4. Bh4 b6 5. Nd2 Bb7 6. Ngf3 c5 7. e3 Be7 8. Bd3 cxd4 9. cxd4 0-0 10. 0-0 Nd5 11. Bg3 f5 12. Rc1 Nc6 13. Bb1 Nf6 14. e4 fxe4 15. Nxe4 Nb4 16. Bc7 Qe8 17. Nd6 Bxf3 18. Qxf3 Qh5 19. Qg3 Nbd5 20. Nc4 Nxc7 21. Qxc7 Qd5 22. Qe5 Kh8 23. Kh1 Kg8 24. Kg1 Kh8 25. Kh1 Kg8 26. Kg1 1/2-1/2

[Event "Marmaris Karya 13th"]
[Site "Marmaris"]
[Date "2022.01.27"]
[Round "1.5"]
[White "Ahmad, Al Khatib"]
[Black "Kirilmaz, Emre"]
[Result "0-1"]
[WhiteElo "2226"]
[BlackElo "2229"]
[PlyCount "50"]
[EventDate "2022.01.27"]
[EventType "schev"]
[EventRounds "10"]
[EventCountry "TUR"]
[SourceTitle "CBM 206 Extra"]
[Source "ChessBase"]
[SourceDate "2022.03.31"]
[SourceVersion "1"]
[SourceVersionDate "2022.03.31"]
[SourceQuality "1"]
[WhiteTeam "Red Team"]
[BlackTeam "White"]
[WhiteTeamCountry "TUR"]
[BlackTeamCountry "UAE"]

1. e4 e6 2. d4 d5 3. Nd2 dxe4 4. Nxe4 Bd7 5. Nf3 Bc6 6. Bd3 Nd7 7. 0-0 Ngf6 8. Ng3 Be7 9. Re1 0-0 10. c3 b6 11. a4 Bb7 12. Qe2 c5 13. Ng5 Kh8 14. Nf5 cxd4 15. Bf4 Nd5 16. Qh5 Bxg5 17. Bxg5 N7f6 18. Qh4 exf5 19. Bxf5 Qc7 20. cxd4 Rfe8 21. Rec1 Qd6 22. Rc3 Nxc3 23. Bxf6 Ne2+ 24. Kf1 Bxg2+ 25. Ke1 Nxd4+ 0-1

[Event "Mersin op 5th"]
[Site "Mersin"]
[Date "2021.11.20"]
[Round "7"]
[White "Akhvlediani, Irakli"]
[Black "Kirilmaz, Emre"]
[Result "1-0"]
[WhiteElo "2421"]
[BlackElo "2199"]
[PlyCount "87"]
[EventDate "2021.11.16"]
[EventType "swiss"]
[EventRounds "9"]
[EventCountry "TUR"]
[SourceTitle "CBM 205 Extra"]
[Source "ChessBase"]
[SourceDate "2022.01.31"]
[SourceVersion "1"]
[SourceVersionDate "2022.01.31"]
[SourceQuality "1"]

1. e4 c6 2. Nc3 d5 3. d4 dxe4 4. Nxe4 Bf5 5. Ng3 Bg6 6. Nh3 Nf6 7. Nf4 e5 8. dxe5 Qxd1+ 9. Kxd1 Ng4 10. Nxg6 hxg6 11. Ne4 Nxe5 12. Be2 Be7 13. c3 Nbd7 14. Bf4 Nf6 15. Nxf6+ gxf6 16. Be3 Nd7 17. b4 f5 18. Kc2 0-0 19. h4 Bf6 20. h5 Nb6 21. hxg6 fxg6 22. g4 f4 23. Bc5 Rfe8 24. Bd3 Na4 25. Rh6 Nxc5 26. bxc5 Rad8 27. Rxg6+ Kf7 28. g5 Bxc3 29. Kxc3 Rxd3+ 30. Kxd3 Kxg6 31. Rb1 Re7 32. Rg1 Kf5 33. g6 Rg7 34. Kd4 Rxg6 35. Rxg6 Kxg6 36. Ke5 Kg5 37. Kd6 Kf6 38. f3 a5 39. a4 Kf5 40. Kc7 Ke5 41. Kxb7 Kd4 42. Kxc6 Ke3 43. Kd5 Kxf3 44. c6 1-0

[Event "EU-ch Hybrid U20"]
[Site "Tornelo INT"]
[Date "2021.10.15"]
[Round "2"]
[White "Kirilmaz, Emre"]
[Black "Dudin, Gleb"]
[Result "0-1"]
[WhiteElo "2147"]
[BlackElo "2438"]
[PlyCount "84"]
[EventDate "2021.10.15"]
[EventType "swiss"]
[EventRounds "9"]
[EventCountry "NET"]
[SourceTitle "EXT 2023"]
[Source "ChessBase"]
[SourceDate "2022.10.05"]
[SourceVersion "1"]
[SourceVersionDate "2022.10.05"]
[SourceQuality "1"]
[WhiteTeam "Turkey"]
[BlackTeam "Russia"]
[WhiteTeamCountry "TUR"]
[BlackTeamCountry "RUS"]

1. d4 Nf6 2. c3 d6 3. Bg5 Nbd7 4. Nd2 e5 5. e3 Be7 6. Bd3 0-0 7. Ngf3 b6 8. Qc2 h6 9. Bxf6 Bxf6 10. Bh7+ Kh8 11. Be4 Rb8 12. h4 exd4 13. exd4 c5 14. g4 cxd4 15. cxd4 Ba6 16. g5 Re8 17. gxf6 d5 18. fxg7+ Kg8 19. Qc6 dxe4 20. Qxh6 exf3+ 21. Kd1 Be2+ 22. Kc2 f6 23. Qh8+ Kf7 24. Qh5+ Ke7 25. Rag1 Rg8 26. Qf5 Rc8+ 27. Kb1 Ne5 28. Qf4 Nc4 29. Qe4+ Kd6 30. Nxc4+ Rxc4 31. h5 Re8 32. Qf4+ Kc6 33. Rc1 Kb7 34. Rxc4 Bxc4 35. h6 Qd5 36. b3 Bxb3 37. Rc1 Bxa2+ 38. Ka1 Qa5 39. Qc7+ Ka6 40. Qc3 Qa4 41. Qc6 Qa3 42. Qc2 Bb3+ 0-1

[Event "TUR Cup"]
[Site "Antalya"]
[Date "2020.01.31"]
[Round "9"]
[White "Kirilmaz, Emre"]
[Black "Yarar, Muammer Atakan"]
[Result "1-0"]
[WhiteElo "2068"]
[BlackElo "1812"]
[PlyCount "137"]
[EventDate "2020.01.26"]
[EventType "swiss"]
[EventRounds "11"]
[EventCountry "TUR"]
[SourceTitle "CBM 194 Extra"]
[Source "ChessBase"]
[SourceDate "2020.03.31"]
[SourceVersion "1"]
[SourceVersionDate "2020.03.31"]
[SourceQuality "1"]

1. d4 d5 2. Nf3 Nf6 3. Bg5 Nbd7 4. e3 e6 5. Nbd2 h6 6. Bh4 c5 7. c3 Qb6 8. Rb1 Bd6 9. Bd3 a6 10. 0-0 Qc7 11. Rc1 cxd4 12. cxd4 Qb8 13. Qe2 0-0 14. e4 dxe4 15. Nxe4 Nd5 16. Nxd6 Qxd6 17. Bg3 Qe7 18. Bb1 N7f6 19. Ne5 Bd7 20. Nxd7 Qxd7 21. Rc5 Rfc8 22. Rfc1 Rxc5 23. dxc5 Rc8 24. a3 Qa4 25. Rc4 Qb5 26. Qc2 Qa5 27. h3 Qb5 28. b4 Qd7 29. Be5 a5 30. Rg4 g6 31. Rd4 Qe8 32. Qd2 Kh7 33. Rh4 Ng8 34. Bb2 Qe7 35. Rc4 axb4 36. axb4 Rd8 37. Qe2 Qg5 38. Qe5 Qxe5 39. Bxe5 Nge7 40. Be4 Nc6 41. Bd6 Ndxb4 42. f4 Kg7 43. g4 Nd5 44. Ra4 Nc3 45. Bxc6 Nxa4 46. Bxa4 Ra8 47. Bb5 Ra2 48. Bf1 Rd2 49. Bb8 Rc2 50. Ba7 Kf6 51. Bg2 Rb2 52. Bb6 Rb1+ 53. Kh2 Rb2 54. c6 Rxg2+ 55. Kxg2 bxc6 56. Bd8+ Kg7 57. Kf3 f6 58. Ke4 Kf7 59. Kd4 g5 60. f5 h5 61. Kc5 exf5 62. gxf5 g4 63. hxg4 hxg4 64. Kxc6 g3 65. Kd7 g2 66. Bb6 Kg8 67. Ke8 Kg7 68. Ke7 Kg8 69. Kxf6 1-0

[Event "Konyaalti op"]
[Site "Konyaalti"]
[Date "2019.11.20"]
[Round "6"]
[White "Garayev, Kanan Farzali Oglu"]
[Black "Kirilmaz, Emre"]
[Result "1-0"]
[WhiteElo "2338"]
[BlackElo "2141"]
[PlyCount "101"]
[EventDate "2019.11.17"]
[EventType "swiss"]
[EventRounds "9"]
[EventCountry "TUR"]
[SourceTitle "CBM 193 Extra"]
[Source "ChessBase"]
[SourceDate "2020.01.31"]
[SourceVersion "1"]
[SourceVersionDate "2020.01.31"]
[SourceQuality "1"]

1. d4 d5 2. c4 e6 3. Nf3 Nf6 4. g3 dxc4 5. Bg2 c6 6. 0-0 b5 7. Ne5 Bb7 8. a4 a6 9. Nc3 Nd5 10. e4 Nxc3 11. bxc3 Nd7 12. f4 Be7 13. Be3 0-0 14. Nxd7 Qxd7 15. e5 a5 16. Qc2 b4 17. cxb4 axb4 18. Be4 b3 19. Qxc4 Ba6 20. Qxb3 Bxf1 21. Rxf1 Rac8 22. f5 c5 23. f6 gxf6 24. exf6 Bxf6 25. Rxf6 Kg7 26. Rf4 cxd4 27. Qd3 e5 28. Bf5 Qd6 29. Rg4+ Kh8 30. Bxc8 Rxc8 31. Qf5 Rg8 32. Rh4 Rg6 33. Qxf7 Rg7 34. Qe8+ Rg8 35. Qxe5+ Qxe5 36. Bxd4 Re8 37. Bxe5+ Rxe5 38. Kf2 Kg7 39. Kf3 Rc5 40. Rb4 Rc2 41. h4 Ra2 42. Ke4 Kf6 43. Rb6+ Kg7 44. Rb4 Kf6 45. Kd5 h5 46. Kc5 Kf5 47. Kb6 Ra3 48. Rb5+ Ke6 49. a5 Kd7 50. Kb7 Rxg3 51. a6 1-0

[Event "Marmaris Karya 9th"]
[Site "Marmaris"]
[Date "2019.08.26"]
[Round "5.5"]
[White "Kirilmaz, Emre"]
[Black "Guseynov, Alihan"]
[Result "1-0"]
[WhiteElo "2044"]
[BlackElo "2314"]
[PlyCount "77"]
[EventDate "2019.08.24"]
[EventType "schev"]
[EventRounds "10"]
[EventCountry "TUR"]
[SourceTitle "EXT 2020"]
[Source "ChessBase"]
[SourceDate "2019.10.17"]
[SourceVersion "1"]
[SourceVersionDate "2019.10.17"]
[SourceQuality "1"]

1. d4 d6 2. e4 Nf6 3. Bc4 g6 4. f3 Bg7 5. Ne2 d5 6. exd5 Nxd5 7. 0-0 0-0 8. c3 Nc6 9. Bb3 Na5 10. Ba4 Nc4 11. Re1 Nde3 12. Bxe3 Nxe3 13. Qd3 Bh6 14. Ng3 Nf5 15. Qe4 Nxg3 16. hxg3 Bf5 17. Qh4 Bg7 18. Qxe7 Bxd4+ 19. cxd4 Qxd4+ 20. Qe3 Qxa4 21. Nc3 Qc6 22. g4 Be6 23. Qe5 Qd6 24. Qg5 Kg7 25. Ne4 Qb6+ 26. Kh1 Qxb2 27. Rab1 f6 28. Qh4 Qd4 29. Rbd1 Qb4 30. a3 Qb6 31. g5 f5 32. Qh6+ Kh8 33. Nf6 Rf7 34. Qh2 Bb3 35. Qe5 Rg7 36. Rd7 Qf2 37. Rxg7 Qh4+ 38. Kg1 Kxg7 39. Nh5+ 1-0